000 00664nam a2200265Ia 4500
005 20260306164427.0
008 008 260114s9999 xx 000 0 eng d
020 _a9780191750113
037 _aEBOOK
040 _aCRL
040 _beng
040 _cCRL
041 _2eng
041 _aeng
084 _qCRL
100 _aChris Fowler, Jan Harding, Daniela Hofmann
_91130713
245 4 _aThe Oxford Handbook Of Neolithic Europe
260 _bOxford University Press
260 _c2014
650 _aArchaeology
856 _uhttps://academic.oup.com/edited-volume/35019
942 _cEBOOK
999 _c1714035
_d1714035